Music Quiz

Random Music or Bands Quiz
Score 0/25 Timer 06:00
0 Plays Today
Antonym Band % Correct
Giving Away MondayTaking Back Sunday
89.8%
stare-948blink-182
88.7%
They the QueensWe The Kings
87.3%
A Night to ForgetA Day To Remember
86.4%
Him Her at TwelveYou Me At Six
78.4%
The None-British AcceptsThe All-American Rejects
77.3%
Old Lost ShameNew Found Glory
76.6%
Woman OnboardMan Overboard
76.3%
Stand Up GirlFall Out Boy
75.3%
None Space HighAll Time Low
72.2%
Waist ShallowNeck Deep
65%
Eight Month WeakFour Year Strong
55.7%
Complicated DisorganisationSimple Plan
55%
Antonym Band % Correct
Never the Healthiest AdultsForever The Sickest Kids
54.3%
The Back TopsThe Front Bottoms
53.8%
PurplepaperYellowcard
52.9%
The Public School Was...The Academy Is...
49%
Classic BasketballModern Baseball
48%
Bye SundayHey Monday
46%
The Certainty MonthsThe Wonder Years
42.8%
They Are OutsidersWe Are The In Crowd
41%
DimLit
39.4%
Stop TelevisionGo Radio
38.8%
AntiqueBrand New
35.7%
City LosersState Champs
26.4%
Remove Ads.
Support Sporcle.
Get the best of Sporcle when you Go Orange. This ad-free experience offers more features, more stats, and more fun while also helping to support Sporcle. Thank you for becoming a member.

You're not logged in!

Compare scores with friends on all Sporcle quizzes.
OR
Log In

Show Comments

Extras

Top Quizzes Today


Score Distribution

Your Account Isn't Verified!

In order to create a playlist on Sporcle, you need to verify the email address you used during registration. Go to your Sporcle Settings to finish the process.

Report this User

Report this user for behavior that violates our Community Guidelines.

Details: